000 00932cam a2200289 i 4500
001 18481372
003 OSt
005 20250417103320.0
008 150205s2015 njua b 001 0 eng
010 _a 2015004848
020 _a9781118799642
040 _aDLC
_beng
_cKCST
042 _apcc
050 0 0 _aQA273
_b.R56 2015
082 0 0 _a519.5
_223
100 1 _aRohatgi, V. K.,
_d1939-
_95642
245 1 3 _aAn introduction to probability and statistics /
_cVijay K. Rohatgi, A. K. Md. Ehsanes Saleh.
250 _aThird edition.
260 _aHoboken, New Jersey :
_bWiley,
_c2015
300 _axviii, 689 pages :
_billustrations ;
_c25 cm.
490 0 _aWiley series in probability and statistics
504 _aIncludes bibliographical references (pages 641-645) and indexes.
650 0 _aProbabilities.
_91388
650 0 _aMathematical statistics.
_91389
700 1 _aSaleh, A. K. Md. Ehsanes.
_95643
942 _2ddc
_cBK
999 _c794
_d794